Online Catalogue and eLibrary

Attaka mal paravi giya (Record no. 4353)

MARC details
000 -LEADER
fixed length control field 00398nam a2200169Ia 4500
005 - DATE AND TIME OF LATEST TRANSACTION
control field 20240830030705.0
008 - FIXED-LENGTH DATA ELEMENTS--GENERAL INFORMATION
fixed length control field 240331s9999 xx 000 0 und d
020 ## - INTERNATIONAL STANDARD BOOK NUMBER
ISBN 9559555006
082 ## - DDC Classification
Item Number - Author Mark RAN
Class No. 792
100 ## - MAIN ENTRY--PERSONAL NAME
Personal name Ranaweera,E
245 #0 - TITLE STATEMENT
Title Attaka mal paravi giya
260 ## - PUBLICATION, DISTRIBUTION, ETC.
Place of publication, distribution, etc. Colombo
Name of publisher, distributor, etc. j. Diandas
Date of publication, distribution, etc. 1993
300 ## - PHYSICAL DESCRIPTION
Extent (e.g. Volumes, Pages etc.) vi, 68 p .,
650 ## - SUBJECT ADDED ENTRY--TOPICAL TERM
Topical term or geographic name entry element Drama
650 ## - SUBJECT ADDED ENTRY--TOPICAL TERM
Topical term or geographic name entry element Sinhala Language
942 ## - Koha item type (Biblio)
Koha item type Books in Stacks (Lending)
Holdings
Lost status Damaged status Collection code Home library Current library Shelving location Date acquired Full call number Accession Number Item type
    Lending WERC Library WERC Library Social Science Cupboard 03/31/2024 792 RAN 2087 Books in Stacks (Lending)

© WERC Library